<?xml version="1.0" encoding="UTF-8"?>
<collection xmlns:xsi="http://www.w3.org/2001/XMLSchema-instance" xsi:schemaLocation="http://www.loc.gov/MARC21/slim http://www.loc.gov/standards/marcxml/schema/MARC21slim.xsd" xmlns="http://www.loc.gov/MARC21/slim">
 <record>
  <leader>00000cmm a22000005i 4500</leader>
  <controlfield tag="001">UP-99796217611058102</controlfield>
  <controlfield tag="003">Buklod</controlfield>
  <controlfield tag="005">20230504003249.0</controlfield>
  <controlfield tag="006">m    go  j        </controlfield>
  <controlfield tag="007">cr |nu|||auu|a</controlfield>
  <controlfield tag="008">101013s2011    xxk        u |      eng d</controlfield>
  <datafield tag="020" ind1=" " ind2=" ">
   <subfield code="a">9781849965101(eBook)</subfield>
  </datafield>
  <datafield tag="035" ind1=" " ind2=" ">
   <subfield code="a">(iLib)UPD-00210204900</subfield>
  </datafield>
  <datafield tag="040" ind1=" " ind2=" ">
   <subfield code="a">DLC</subfield>
   <subfield code="d">DML</subfield>
  </datafield>
  <datafield tag="041" ind1=" " ind2=" ">
   <subfield code="a">eng</subfield>
  </datafield>
  <datafield tag="084" ind1=" " ind2=" ">
   <subfield code="a">TK7872</subfield>
   <subfield code="b">D48 A67 2011eb</subfield>
  </datafield>
  <datafield tag="100" ind1="1" ind2=" ">
   <subfield code="a">Gavrilovska, Liljana.</subfield>
   <subfield code="e">editor.</subfield>
  </datafield>
  <datafield tag="245" ind1="1" ind2="0">
   <subfield code="a">Application and Multidisciplinary Aspects of Wireless Sensor Networks</subfield>
   <subfield code="b">Concepts, Integration, and Case Studies</subfield>
   <subfield code="h">[electronic resource]</subfield>
   <subfield code="c">edited by Liljana Gavrilovska, Srdjan Krco, Veljko Milutinovic, Ivan Stojmenovic, Roman Trobec.</subfield>
  </datafield>
  <datafield tag="264" ind1=" " ind2="1">
   <subfield code="a">London</subfield>
   <subfield code="b">Springer London</subfield>
   <subfield code="b">Imprint: Springer</subfield>
   <subfield code="c">2011.</subfield>
  </datafield>
  <datafield tag="300" ind1=" " ind2=" ">
   <subfield code="a">1 online resource (X, 282 p.)</subfield>
  </datafield>
  <datafield tag="520" ind1=" " ind2=" ">
   <subfield code="a">It is a general trend in computing that computers are becoming ever smaller and more interconnected, and sensor networks - large networks of small, simple devices - represent a logical extreme of this trend. Wireless sensor networks (WSNs) are attracting an increasing degree of research interest, with a growing number of industrial applications starting to emerge. Two of these applications, personal health monitoring and emergency/disaster recovery, are the focus of the European Commission project ProSense: Promote, Mobilize, Reinforce and Integrate Wireless Sensor Networking Research and Researchers. This hands-on, useful introduction to WSN systems development presents broad coverage of topics in the field, contributed by researchers involved in the ProSense project. It emphasises the practical knowledge required for the successful implementation of WSNs. The first part of the work covers basic issues of sensors, software, and position-based routing protocols. Part Two focuses on multidisciplinary issues, including sensor network integration, mobility aspects, geo-routing, medical applications, and vehicular sensor networks. The remaining two parts present case studies and further applications. Topics and features: Begins with a Foreword by the Nobel Laurate Professor Martin Perl, of Stanford University Presents a broad overview of WSN technology, including an introduction to sensor and sensing technologies Investigates real-world applications of WSN systems in medical and vehicular sensor networks Contains an extensive section on case studies, providing details of the development of a number of WSN applications Discusses frameworks for WSN systems integration, through which WSN technology will become fundamental to the Future Internet concept Providing holistic coverage of WSN technology, this text/reference will help graduate students of computer science, electrical engineering and telecommunications toward mastering the specific domains of this emerging area. The book will also be a valuable resource for researchers and practitioners interested in entering or exploring the field. Dr. Liljana Gavrilovska is a professor at the Faculty of Electrical Engineering and Information Technologies of the Ss. Cyril and Methodius University in Skopje, Macedonia. Dr. Srdjan Krco is a senior researcher at the Ericsson Ireland Research Centre. Dr. Veljko M. Milutinovic, FIEEE, is a professor at the Department of Computer Engineering of the University of Belgrade, Serbia. Dr. Ivan Stojmenovic is a professor at the School of Information Technology and Engineering of the University of Ottawa, Canada. Dr. Roman Trobec is an associate professor at the Department of Communication Systems of the Jo?ef Stefan Institute, Slovenia.</subfield>
  </datafield>
  <datafield tag="533" ind1=" " ind2=" ">
   <subfield code="a">Electronic reproduction.</subfield>
   <subfield code="b">New York</subfield>
   <subfield code="c">SpringerLink</subfield>
   <subfield code="d">2011.</subfield>
   <subfield code="n">Available via World Wide Web through SpringerLink.</subfield>
  </datafield>
  <datafield tag="650" ind1=" " ind2="0">
   <subfield code="a">Computer science.</subfield>
  </datafield>
  <datafield tag="650" ind1=" " ind2="0">
   <subfield code="a">Computer Communication Networks.</subfield>
  </datafield>
  <datafield tag="650" ind1=" " ind2="0">
   <subfield code="a">Electronic books.</subfield>
  </datafield>
  <datafield tag="700" ind1="1" ind2=" ">
   <subfield code="a">Gavrilovska, Liljana.</subfield>
   <subfield code="e">editor.</subfield>
  </datafield>
  <datafield tag="700" ind1="1" ind2=" ">
   <subfield code="a">Krco, Srjan.</subfield>
   <subfield code="e">editor.</subfield>
  </datafield>
  <datafield tag="700" ind1="1" ind2=" ">
   <subfield code="a">Milutinovic, Veljko.</subfield>
   <subfield code="e">editor.</subfield>
  </datafield>
  <datafield tag="700" ind1="1" ind2=" ">
   <subfield code="a">Stojmenovic, Ivan.</subfield>
   <subfield code="e">editor.</subfield>
  </datafield>
  <datafield tag="700" ind1="1" ind2=" ">
   <subfield code="a">Trobec, Roman.</subfield>
   <subfield code="e">editor.</subfield>
  </datafield>
  <datafield tag="710" ind1="2" ind2=" ">
   <subfield code="a">SpringerLink (Online service).</subfield>
  </datafield>
  <datafield tag="773" ind1="0" ind2=" ">
   <subfield code="t">Springer eBooks.</subfield>
  </datafield>
  <datafield tag="776" ind1="0" ind2="8">
   <subfield code="t">Printed edition</subfield>
   <subfield code="z">9781849965095.</subfield>
  </datafield>
  <datafield tag="842" ind1=" " ind2=" ">
   <subfield code="a">Electronic Resource</subfield>
  </datafield>
  <datafield tag="856" ind1="4" ind2="0">
   <subfield code="u">http://link.springer.com/book/10.1007/978-1-84996-510-1</subfield>
   <subfield code="z">Available for University of the Philippines Diliman via SpringerLink. Click here to access</subfield>
  </datafield>
  <datafield tag="856" ind1=" " ind2=" ">
   <subfield code="z">(viewed 01 April 2014)</subfield>
  </datafield>
  <datafield tag="905" ind1=" " ind2=" ">
   <subfield code="a">FO</subfield>
  </datafield>
  <datafield tag="950" ind1=" " ind2=" ">
   <subfield code="a">Computer Science (Springer-11645)</subfield>
  </datafield>
  <datafield tag="852" ind1="0" ind2=" ">
   <subfield code="a">UPD</subfield>
   <subfield code="b">DMLR</subfield>
  </datafield>
  <datafield tag="942" ind1=" " ind2=" ">
   <subfield code="a">Electronic Resource</subfield>
  </datafield>
 </record>
</collection>
